| Tag |
First Indicator |
Second Indicator |
Subfields |
| LEADER |
00000cam a2200000 i 4500 |
| 001 |
in00000355821 |
| 005 |
20151011065250.0 |
| 008 |
730124m19729999gw 00010 ger |
| 010 |
|
|
|a 72347553
|
| 035 |
|
|
|a (OCoLC)00545884
|
| 035 |
|
|
|9 ABN5951AM
|
| 040 |
|
|
|c DRB
|d TXA
|d UtOrBLW
|
| 049 |
|
|
|a TXAM
|d [
|v =Bd.]
|v 1 [1377612]
|v 2 [1377613]
|
| 050 |
0 |
0 |
|a PT2668.A5
|b S8
|
| 100 |
1 |
|
|a Handke, Peter.
|
| 245 |
1 |
0 |
|a Stucke /
|c Peter Handke.
|
| 250 |
|
|
|a 1. Aufl.
|
| 264 |
|
1 |
|a Frankfurt (am Main) :
|b Suhrkamp,
|c 1972.
|
| 300 |
|
|
|a volumes ;
|c 18 cm.
|
| 336 |
|
|
|a text
|b txt
|2 rdacontent
|
| 337 |
|
|
|a unmediated
|b n
|2 rdamedia
|
| 338 |
|
|
|a volume
|b nc
|2 rdacarrier
|
| 490 |
0 |
|
|a Suhrkamp-Taschenbucher; 43
|
| 999 |
|
|
|a MARS
|
| 999 |
f |
f |
|s 539a8da5-0f0a-3c0e-a400-71944aaa20db
|i 691a8baf-da88-3743-a28a-800db1f95af2
|t 0
|
| 952 |
f |
f |
|p ric
|a Texas A&M University
|b Rellis Campus
|c Joint Library Facility
|d Remote Storage
|t 0
|e PT2668.A5 S8
|h Library of Congress classification
|i unmediated -- volume
|k Bd.2
|m A14804178323
|
| 952 |
f |
f |
|p ric
|a Texas A&M University
|b Rellis Campus
|c Joint Library Facility
|d Remote Storage
|t 0
|e PT2668.A5 S8
|h Library of Congress classification
|i unmediated -- volume
|k Bd.1
|m A14804178315
|
| 998 |
f |
f |
|a PT2668.A5 S8
|s Bd.1-Bd.2
|t 0
|l Remote Storage
|